Statistics for Turkmenistan Airlines-Ashgabat

Click here to take the quiz!

General Stats

  • This quiz has been taken 42 times
  • The average score is 14 of 21

Answer Stats

Country Airport % Correct
TurkeyIstanbul
100%
ThailandBangkok
97%
FranceParis
97%
GermanyFrankfurt
97%
TurkeyAnkara
97%
RussiaMoscow-Domodedovo
97%
ChinaBeijing
97%
RussiaSt Petersburg
94%
UAEDubai
94%
UAEAbu Dhabi
94%
IndiaDelhi
94%
BelarusMinsk
91%
KazakhstanAlmaty
74%
UKBirmingham
50%
ChinaUrumqi
26%
RussiaKazan
24%
TurkmenistanMary
12%
IndiaAmritsar
12%
TurkmenistanTurkmenabat
9%
TurkmenistanTurkmenbashi
6%
TurkmenistanDasoguz
3%

Score Distribution

Percentile by Number Answered

Percent of People with Each Score

Your Score History

You have not taken this quiz